[Event "Corus-C"]
[Site "Wijk aan Zee"]
[Date "2008.01.22"]
[Round "9"]
[White "Ruijgrok, Dennis"]
[Black "Nijboer, Friso"]
[Result "0-1"]
[WhiteElo "2329"]
[BlackElo "2578"]
[PlyCount "128"]
[EventDate "2008.01.12"]
[EventType "tourn"]
[EventRounds "13"]
[EventCountry "NED"]
[EventCategory "10"]
[SourceTitle "CBM 122"]
[Source "ChessBase"]
[SourceDate "2008.01.30"]
[SourceVersion "1"]
[SourceVersionDate "2008.01.30"]
[SourceQuality "1"]

1. e4 c5 2. Nf3 Nc6 3. d4 cxd4 4. Nxd4 Nf6 5. Nc3 d6 6. g3 e6 7. Bg2 Bd7 8. 0-0 Be7 9. Re1 0-0 10. Ndb5 Qb8 11. Bg5 a6 12. Bxf6 gxf6 13. Nd4 Nxd4 14. Qxd4 Qa7 15. Qd2 Rfd8 16. Nd1 Rac8 17. Ne3 b5 18. c3 Bc6 19. Rad1 Bf8 20. Ng4 Qe7 21. Qf4 Bg7 22. Rd3 a5 23. Red1 Kf8 24. Rxd6 Rxd6 25. Rxd6 h5 26. Ne3 Qc7 27. Nc2 Ke7 28. Rd1 Qxf4 29. gxf4 Bh6 30. f5 Rg8 31. f3 exf5 32. Nd4 Be3+ 33. Kf1 Bxd4 34. Rxd4 fxe4 35. fxe4 f5 36. Kf2 Rg5 37. Bf3 fxe4 38. Bxe4 Bd7 39. Rd5 f6 40. Bf3 Rxd5 41. Bxd5 Kd6 42. Bf7 h4 43. Ke3 Ke5 44. Bg8 f5 45. Bf7 Bc6 46. Bg8 f4+ 47. Kf2 Bd5 48. Bxd5 Kxd5 49. Kf3 Ke5 50. b3 a4 51. h3 Kf5 52. bxa4 bxa4 53. c4 Ke5 54. Kg4 Kd4 55. Kxf4 Kxc4 56. Ke3 Kc3 57. Ke2 Kb2 58. Kd2 Kxa2 59. Kc3 Ka3 60. Kc2 Kb4 61. Kb2 Kc4 62. Ka3 Kd4 63. Kxa4 Ke4 64. Kb3 Kf4 0-1

[Event "Hoogeveen Essent op"]
[Site "Hoogeveen"]
[Date "2007.10.15"]
[Round "4"]
[White "Safarli, Eltaj"]
[Black "Ruijgrok, Dennis"]
[Result "1/2-1/2"]
[WhiteElo "2488"]
[BlackElo "2330"]
[PlyCount "99"]
[EventDate "2007.10.12"]
[EventType "swiss"]
[EventRounds "9"]
[EventCountry "NED"]
[SourceTitle "CBM 120 Extra"]
[Source "ChessBase"]
[SourceDate "2007.11.01"]
[SourceVersion "1"]
[SourceVersionDate "2007.11.01"]
[SourceQuality "1"]

1. e4 e5 2. Nf3 Nc6 3. Bb5 a6 4. Ba4 Nf6 5. Qe2 b5 6. Bb3 Bc5 7. 0-0 0-0 8. c3 d5 9. d3 dxe4 10. dxe4 Bd6 11. Rd1 Qe8 12. h3 Ne7 13. Nh4 Qc6 14. Nd2 Bb7 15. Re1 a5 16. a4 b4 17. Bc4 bxc3 18. bxc3 Ba6 19. Bxa6 Rxa6 20. Nf1 Rb6 21. Bg5 Bc5 22. Ng3 h6 23. Bc1 Rfb8 24. Nhf5 Ng6 25. Qf3 Rb3 26. Bd2 Rb2 27. Rad1 Nf4 28. Be3 Rc2 29. Rc1 Nd3 30. Nxh6+ gxh6 31. Nf5 Kh7 32. Nxh6 Bxe3 33. Ng4 Nxg4 34. Qxf7+ Kh8 35. Rxc2 Nxe1 36. Re2 Nh6 37. Qh5 Nd3 38. Rxe3 Qd6 39. Rxd3 Rb1+ 40. Kh2 Qxd3 41. Qxh6+ Kg8 42. Qg6+ Kf8 43. Qf6+ Ke8 44. Qxe5+ Kd8 45. Qf6+ Kc8 46. e5 Rb6 47. Qf8+ Kb7 48. Qc5 Qe4 49. c4 Ka6 50. e6 1/2-1/2

[Event "Leiden SB-ch"]
[Site "Leiden"]
[Date "2007.05.15"]
[Round "1"]
[White "Zwinkels, Wim"]
[Black "Ruijgrok, Dennis"]
[Result "0-1"]
[WhiteElo "1878"]
[BlackElo "2310"]
[PlyCount "76"]
[EventDate "2007.05.15"]
[EventType "swiss"]
[EventRounds "7"]
[EventCountry "NED"]
[SourceTitle "EXT 2012"]
[Source "ChessBase"]
[SourceDate "2011.11.24"]
[SourceVersion "1"]
[SourceVersionDate "2011.11.24"]
[SourceQuality "1"]

1. Nc3 c5 2. e4 Nc6 3. g3 g6 4. Bg2 Bg7 5. d3 d6 6. f4 e6 7. Nf3 Nge7 8. 0-0 0-0 9. Bd2 Rb8 10. Rb1 b5 11. a3 Nd4 12. Ne2 Nec6 13. c3 Nxf3+ 14. Bxf3 a5 15. Be3 b4 16. axb4 axb4 17. g4 Qb6 18. d4 cxd4 19. Nxd4 Ba6 20. Re1 Qc7 21. Qa4 Nxd4 22. cxd4 Qb7 23. Qb3 Rfc8 24. Rbc1 Qb6 25. Rxc8+ Rxc8 26. d5 Bd4 27. dxe6 Rc1 28. exf7+ Kf8 29. Kf2 Rxe1 30. Kxe1 Bxe3 31. Qe6 Qd8 32. e5 dxe5 33. Bd5 Bxf4 34. Qxa6 Qxd5 35. Qc8+ Kxf7 36. Qc7+ Kf6 37. Qb6+ Kg5 38. Qd8+ Qxd8 0-1

[Event "Neckar op-A 11th"]
[Site "Deizisau"]
[Date "2007.04.09"]
[Round "8"]
[White "Farago, Ivan"]
[Black "Ruijgrok, Dennis"]
[Result "1-0"]
[WhiteElo "2531"]
[BlackElo "2278"]
[PlyCount "79"]
[EventDate "2007.04.05"]
[EventType "swiss"]
[EventRounds "9"]
[EventCountry "GER"]
[SourceTitle "EXT 2008"]
[Source "ChessBase"]
[SourceDate "2007.11.25"]
[SourceVersion "1"]
[SourceVersionDate "2007.11.25"]
[SourceQuality "1"]

1. d4 f5 2. c4 Nf6 3. g3 d6 4. Nf3 g6 5. Bg2 Bg7 6. 0-0 0-0 7. Nc3 Qe8 8. Nd5 Nxd5 9. cxd5 Nd7 10. Ng5 Nb6 11. Qc2 h6 12. Ne6 Bxe6 13. dxe6 c6 14. e4 fxe4 15. Qxe4 Nd5 16. Bd2 Rf6 17. Rae1 g5 18. h4 Qh5 19. Bh3 Qg6 20. hxg5 hxg5 21. Qg4 Bh6 22. Bg2 Qf5 23. Qxf5 Rxf5 24. g4 Rf6 25. Bxd5 cxd5 26. Kg2 Rc8 27. Rc1 Rff8 28. Kg3 Kh7 29. Rxc8 Rxc8 30. f4 gxf4+ 31. Bxf4 Bg7 32. Bg5 Kg6 33. Bxe7 Re8 34. Rf7 Bxd4 35. g5 Bxb2 36. Kg4 Bh8 37. Rf6+ Kg7 38. Bxd6 d4 39. e7 d3 40. Kf3 1-0

[Event "Leiden Noteboom Memorial 67th"]
[Site "Leiden"]
[Date "2007.02.18"]
[Round "6"]
[White "Ruijgrok, Dennis"]
[Black "Roobol, Martin"]
[Result "1/2-1/2"]
[WhiteElo "2278"]
[BlackElo "2299"]
[PlyCount "89"]
[EventDate "2007.02.16"]
[EventType "swiss"]
[EventRounds "6"]
[EventCountry "NED"]
[SourceTitle "CBM 116 Extra"]
[Source "ChessBase"]
[SourceDate "2007.03.07"]
[SourceVersion "1"]
[SourceVersionDate "2007.03.07"]
[SourceQuality "1"]

1. e4 g6 2. Nc3 Bg7 3. g3 d6 4. Bg2 e5 5. Nge2 Nc6 6. Nd5 Nge7 7. Nxe7 Qxe7 8. 0-0 h5 9. c3 h4 10. d4 hxg3 11. fxg3 exd4 12. Nxd4 Ne5 13. Qb3 c6 14. Bf4 Bh6 15. c4 Bg7 16. Rad1 Bg4 17. Rd2 0-0-0 18. Bf3 Nxf3+ 19. Nxf3 Bxf3 20. Qxf3 Rhe8 21. Rfd1 Qxe4 22. Qa3 Be5 23. Bxe5 Rxe5 24. Rd4 Qe3+ 25. Qxe3 Rxe3 26. Rxd6 Rxd6 27. Rxd6 Re2 28. Rf6 Rxb2 29. Rxf7 Rxa2 30. Rg7 a5 31. Rxg6 a4 32. Rg8+ Kc7 33. h4 b5 34. cxb5 cxb5 35. h5 Rd2 36. h6 Rd1+ 37. Kg2 Rd2+ 38. Kh3 Rd6 39. Rg7+ Kb6 40. h7 Rh6+ 41. Kg4 a3 42. Kg5 Rxh7 43. Rxh7 a2 44. Rh6+ Kb7 45. Rh7+ 1/2-1/2

[Event "Leiden Noteboom Memorial 67th"]
[Site "Leiden"]
[Date "2007.02.17"]
[Round "4"]
[White "Ruijgrok, Dennis"]
[Black "Loeber, Roderick"]
[Result "1-0"]
[WhiteElo "2278"]
[BlackElo "2202"]
[PlyCount "61"]
[EventDate "2007.02.16"]
[EventType "swiss"]
[EventRounds "6"]
[EventCountry "NED"]
[SourceTitle "CBM 116 Extra"]
[Source "ChessBase"]
[SourceDate "2007.03.07"]
[SourceVersion "1"]
[SourceVersionDate "2007.03.07"]
[SourceQuality "1"]

1. e4 e6 2. d4 d5 3. Nd2 dxe4 4. Nxe4 Nf6 5. Nxf6+ Qxf6 6. Nf3 h6 7. Bd3 Bd6 8. Qe2 c5 9. Be3 Nd7 10. 0-0-0 a6 11. Kb1 Bf4 12. g4 Bxe3 13. fxe3 Qe7 14. h4 Rb8 15. g5 h5 16. g6 f6 17. e4 e5 18. Bc4 exd4 19. Bf7+ Kf8 20. e5 Nxe5 21. Nxe5 Bg4 22. Qh2 Qxe5 23. Qxe5 fxe5 24. Rde1 Bf3 25. Rhf1 e4 26. Bd5 Ke7 27. Rxf3 e3 28. Rf7+ Kd6 29. Bxb7 Rhf8 30. Bxa6 Kd5 31. b3 1-0

[Event "Leiden SB-ch"]
[Site "Leiden"]
[Date "2006.05.30"]
[Round "3"]
[White "Van 't Hof, Eric"]
[Black "Ruijgrok, Dennis"]
[Result "0-1"]
[WhiteElo "2115"]
[BlackElo "2265"]
[PlyCount "128"]
[EventDate "2006.05.16"]
[EventType "swiss"]
[EventRounds "7"]
[EventCountry "NED"]
[SourceTitle "EXT 2012"]
[Source "ChessBase"]
[SourceDate "2011.11.24"]
[SourceVersion "1"]
[SourceVersionDate "2011.11.24"]
[SourceQuality "1"]

1. d4 f5 2. g3 Nf6 3. Bg2 d6 4. Nf3 g6 5. b3 Bg7 6. Bb2 0-0 7. 0-0 c6 8. Nbd2 Qe8 9. Re1 Ne4 10. c4 Qf7 11. Qc2 g5 12. Nxe4 fxe4 13. Nxg5 Qg6 14. Qd2 Bh6 15. h4 d5 16. cxd5 cxd5 17. Qa5 Qf5 18. Rf1 b6 19. Qd2 Qg6 20. Rac1 Bd7 21. f4 Bg7 22. Kh2 h6 23. Nh3 Nc6 24. Rg1 Rac8 25. e3 Qd6 26. Bf1 Bf6 27. Ba6 Rb8 28. Be2 Rbc8 29. Nf2 Nb4 30. a3 Nc6 31. Rcf1 Na5 32. Bd1 Bb5 33. Re1 Bd7 34. Kh1 Kh7 35. Rg2 Qc6 36. h5 Rg8 37. Reg1 Qb5 38. b4 Nc4 39. Qe2 Qa6 40. g4 Bb5 41. g5 Ne5 42. Qd2 Nf3 43. Bxf3 exf3 44. Rg3 Bg7 45. Rxf3 Qa4 46. Bc1 Rc2 47. Qe1 Rgc8 48. Bd2 Qxa3 49. Ng4 Qd3 50. Rf2 Qe4+ 51. Kh2 Bd7 52. Ne5 Bxe5 53. dxe5 Qf5 54. Qf1 d4 55. exd4 R8c3 56. Rgg2 Rh3+ 57. Kg1 Bc6 58. Qb1 Be4 59. Qe1 Bxg2 60. Rxg2 Qd3 61. Qf2 Rc1+ 62. Be1 Re3 63. g6+ Kg7 64. Qh4 Rexe1+ 0-1

[Event "Amsterdam ACT op 2nd"]
[Site "Amsterdam"]
[Date "2005.07.17"]
[Round "2"]
[White "Ruijgrok, Dennis"]
[Black "Ansell, Simon"]
[Result "0-1"]
[WhiteElo "2249"]
[BlackElo "2407"]
[PlyCount "44"]
[EventDate "2005.07.16"]
[EventType "swiss"]
[EventRounds "9"]
[EventCountry "NED"]
[SourceTitle "CBM 107 Extra"]
[Source "ChessBase"]
[SourceDate "2005.09.01"]
[SourceVersion "1"]
[SourceVersionDate "2005.09.01"]
[SourceQuality "1"]

1. e4 c5 2. Nf3 Nc6 3. Bb5 e6 4. b3 Nge7 5. Bb2 a6 6. Bxc6 Nxc6 7. d4 cxd4 8. Nxd4 Qf6 9. 0-0 Bc5 10. c3 0-0 11. b4 Ba7 12. Nf3 d5 13. exd5 exd5 14. Qxd5 Nxb4 15. Qd2 Nc6 16. c4 Qg6 17. a4 Be6 18. Qf4 Rad8 19. Nbd2 Rfe8 20. Rfe1 Nb4 21. Qc7 Nd3 22. Reb1 Bh3 0-1

[Event "NED-ch U20"]
[Site "Schagen"]
[Date "2005.05.03"]
[Round "5"]
[White "Bitalzadeh, Ali"]
[Black "Ruijgrok, Dennis"]
[Result "1/2-1/2"]
[WhiteElo "2300"]
[BlackElo "2234"]
[PlyCount "108"]
[EventDate "2005.04.29"]
[EventType "swiss"]
[EventRounds "9"]
[EventCountry "NED"]
[SourceTitle "EXT 2013"]
[Source "ChessBase"]
[SourceDate "2012.11.22"]
[SourceVersion "1"]
[SourceVersionDate "2012.11.22"]
[SourceQuality "1"]

1. e4 e5 2. Nf3 Nc6 3. Bb5 a6 4. Ba4 Nf6 5. 0-0 Be7 6. Re1 b5 7. Bb3 d6 8. c3 0-0 9. h3 Nb8 10. d4 Nbd7 11. Nbd2 Bb7 12. Bc2 Re8 13. b3 c6 14. Bb2 Bf8 15. c4 exd4 16. Nxd4 bxc4 17. Nxc4 d5 18. exd5 Rxe1+ 19. Qxe1 cxd5 20. Na5 Qb6 21. Nxb7 Qxb7 22. Nf5 Re8 23. Qd2 Qb6 24. Ne3 Bb4 25. Qd3 Ne5 26. Qf5 d4 27. Ng4 Nexg4 28. hxg4 h6 29. Qd3 Bc5 30. Rf1 Re5 31. Qf3 g6 32. Bd3 a5 33. Rc1 Kg7 34. Qf4 Re6 35. g3 Kg8 36. g5 hxg5 37. Qxg5 Nd7 38. Qd5 Rd6 39. Qa8+ Kg7 40. Re1 Nf6 41. Qf3 Re6 42. Rc1 Nd7 43. Qd5 Rd6 44. Qg5 a4 45. Bc4 a3 46. Ba1 Bb4 47. Qe7 Rd5 48. Qh4 Rd6 49. Rd1 Bc3 50. Qe7 Rf6 51. Qxd7 d3 52. Bxc3 Qxf2+ 53. Kh1 Qf3+ 54. Kh2 Qe2+ 1/2-1/2

[Event "CFriend AR-2004-Q-00005 email"]
[Site "Chessfriend.com"]
[Date "2004.12.27"]
[Round "1"]
[White "Balabaev, Farit"]
[Black "Ruijgrok, Dennis"]
[Result "1-0"]
[WhiteElo "2437"]
[BlackElo "2154"]
[PlyCount "23"]
[EventDate "2004.??.??"]
[EventType "tourn (corr)"]
[EventRounds "12"]
[EventCountry "GER"]
[SourceTitle "Corr 2024"]
[Source "ChessBase"]
[SourceDate "2023.10.19"]
[SourceVersion "1"]
[SourceVersionDate "2023.10.19"]
[SourceQuality "1"]

1. e4 c5 2. Nf3 Nc6 3. Nc3 e6 4. d4 cxd4 5. Nxd4 d6 6. Be3 Nf6 7. f4 Be7 8. Qf3 e5 9. Nxc6 bxc6 10. f5 Qa5 11. 0-0-0 0-0 12. Bc4 1-0

[Event "CFriend AT-2004-0-00260 email"]
[Site "Chessfriend.com"]
[Date "2004.12.13"]
[Round "1"]
[White "Ruijgrok, Dennis"]
[Black "Miszta, Feliks"]
[Result "1-0"]
[WhiteElo "2154"]
[BlackElo "1615"]
[PlyCount "21"]
[EventDate "2004.??.??"]
[EventType "tourn (corr)"]
[EventRounds "2"]
[SourceTitle "Corr 2024"]
[Source "ChessBase"]
[SourceDate "2023.10.19"]
[SourceVersion "1"]
[SourceVersionDate "2023.10.19"]
[SourceQuality "1"]

1. e4 d5 2. exd5 Qxd5 3. Nc3 Qa5 4. d4 c6 5. Nf3 Nf6 6. Bc4 Bg4 7. h3 Bf5 8. g4 Bg6 9. Ne5 Nbd7 10. Qe2 Nxe5 11. dxe5 1-0

[Event "CFriend AC-2003-S-00003 email"]
[Site "Chessfriend.com"]
[Date "2004.12.01"]
[Round "1"]
[White "Haeusler, Werner"]
[Black "Ruijgrok, Dennis"]
[Result "1-0"]
[WhiteElo "2433"]
[BlackElo "2154"]
[PlyCount "37"]
[EventDate "2004.??.??"]
[EventType "tourn (corr)"]
[EventRounds "6"]
[SourceTitle "Corr 2024"]
[Source "ChessBase"]
[SourceDate "2023.10.19"]
[SourceVersion "1"]
[SourceVersionDate "2023.10.19"]
[SourceQuality "1"]

1. e4 c5 2. Nf3 Nc6 3. Bb5 g6 4. 0-0 Bg7 5. c3 Nf6 6. Qa4 0-0 7. d4 cxd4 8. cxd4 d6 9. Bxc6 bxc6 10. Qxc6 Bg4 11. Nbd2 d5 12. e5 Ne4 13. Re1 Rc8 14. Qa6 Nxd2 15. Nxd2 Qb6 16. Qxb6 axb6 17. h3 Bd7 18. a4 Ra8 19. b3 1-0

[Event "CFriend AC-2003-S-00003 email"]
[Site "Chessfriend.com"]
[Date "2004.12.01"]
[Round "1"]
[White "Ruijgrok, Dennis"]
[Black "Larsson, Mats"]
[Result "0-1"]
[WhiteElo "2154"]
[BlackElo "2458"]
[PlyCount "42"]
[EventDate "2004.??.??"]
[EventType "tourn (corr)"]
[EventRounds "6"]
[SourceTitle "Corr 2024"]
[Source "ChessBase"]
[SourceDate "2023.10.19"]
[SourceVersion "1"]
[SourceVersionDate "2023.10.19"]
[SourceQuality "1"]

1. e4 e5 2. Nf3 Nc6 3. Bb5 a6 4. Ba4 Nf6 5. 0-0 Be7 6. Re1 b5 7. Bb3 Bb7 8. d4 Nxd4 9. Nxd4 exd4 10. e5 Ne4 11. Qg4 Bg5 12. f4 Bh6 13. c3 dxc3 14. Nxc3 Nxc3 15. bxc3 Qe7 16. a4 0-0 17. Ba3 c5 18. Rad1 b4 19. cxb4 cxb4 20. Bb2 Qc5+ 21. Bd4 Qc7 0-1

[Event "CFriend AC-2003-S-00003 email"]
[Site "Chessfriend.com"]
[Date "2004.12.01"]
[Round "1"]
[White "Ruijgrok, Dennis"]
[Black "Liesmann, Karsten"]
[Result "0-1"]
[WhiteElo "2154"]
[BlackElo "2482"]
[PlyCount "22"]
[EventDate "2004.??.??"]
[EventType "tourn (corr)"]
[EventRounds "6"]
[SourceTitle "Corr 2024"]
[Source "ChessBase"]
[SourceDate "2023.10.19"]
[SourceVersion "1"]
[SourceVersionDate "2023.10.19"]
[SourceQuality "1"]

1. e4 e6 2. d4 d5 3. Nd2 c5 4. exd5 Qxd5 5. Ngf3 cxd4 6. Bc4 Qd6 7. 0-0 Nf6 8. Re1 Nc6 9. Nb3 Bd7 10. Nbxd4 Nxd4 11. Nxd4 Qc7 0-1

[Event "Wch U20 43rd"]
[Site "Cochin"]
[Date "2004.11.27"]
[Round "11"]
[White "Venkat, Sundaram"]
[Black "Ruijgrok, Dennis"]
[Result "1/2-1/2"]
[WhiteElo "2152"]
[BlackElo "2255"]
[PlyCount "58"]
[EventDate "2004.11.20"]
[EventType "swiss"]
[EventRounds "13"]
[EventCountry "IND"]
[SourceTitle "CBM 103 Extra"]
[Source "ChessBase"]
[SourceDate "2005.01.01"]
[SourceVersion "1"]
[SourceVersionDate "2005.01.01"]
[SourceQuality "1"]

1. e4 e5 2. Nf3 Nc6 3. Bb5 a6 4. Ba4 Nf6 5. 0-0 Be7 6. Re1 b5 7. Bb3 d6 8. c3 0-0 9. h3 Na5 10. Bc2 c5 11. d4 cxd4 12. cxd4 Bb7 13. Nbd2 Nc6 14. Nf1 exd4 15. Nxd4 Nxd4 16. Qxd4 Rc8 17. Ne3 Re8 18. Bd2 Bf8 19. f3 d5 20. exd5 Rxe3 21. Rxe3 Rxc2 22. Bc3 Qxd5 23. Qd1 Bc5 24. Qxc2 Bxe3+ 25. Kh1 Nh5 26. Rd1 Qg5 27. Ba5 g6 28. Qc7 Ng3+ 29. Kh2 Nf1+ 1/2-1/2

[Event "Wch U20 43rd"]
[Site "Cochin"]
[Date "2004.11.25"]
[Round "9"]
[White "Ruijgrok, Dennis"]
[Black "Artels, Lieven"]
[Result "1/2-1/2"]
[WhiteElo "2255"]
[BlackElo "2084"]
[PlyCount "31"]
[EventDate "2004.11.20"]
[EventType "swiss"]
[EventRounds "13"]
[EventCountry "IND"]
[SourceTitle "CBM 103 Extra"]
[Source "ChessBase"]
[SourceDate "2005.01.01"]
[SourceVersion "1"]
[SourceVersionDate "2005.01.01"]
[SourceQuality "1"]

1. e4 e5 2. Nf3 d6 3. d4 Nf6 4. Nc3 Nbd7 5. Bc4 Be7 6. 0-0 0-0 7. Qe1 c6 8. a4 b6 9. d5 cxd5 10. Nxd5 Bb7 11. b3 Rc8 12. Ra2 Rc5 13. Nxe7+ Qxe7 14. Ba3 Nxe4 15. Nd2 Nef6 16. Bxc5 1/2-1/2

[Event "Wch U20 43rd"]
[Site "Cochin"]
[Date "2004.11.21"]
[Round "4"]
[White "Cereijo, Nicolas"]
[Black "Ruijgrok, Dennis"]
[Result "1/2-1/2"]
[WhiteElo "2120"]
[BlackElo "2255"]
[PlyCount "49"]
[EventDate "2004.11.20"]
[EventType "swiss"]
[EventRounds "13"]
[EventCountry "IND"]
[SourceTitle "CBM 103 Extra"]
[Source "ChessBase"]
[SourceDate "2005.01.01"]
[SourceVersion "1"]
[SourceVersionDate "2005.01.01"]
[SourceQuality "1"]

1. e4 c5 2. Nf3 Nc6 3. Bb5 g6 4. 0-0 Bg7 5. Re1 Nf6 6. Nc3 0-0 7. e5 Ne8 8. d3 Nc7 9. Bc4 h6 10. d4 b6 11. Bf4 Kh7 12. h4 Bb7 13. h5 Nxd4 14. Nxd4 cxd4 15. Ne2 d5 16. exd6 exd6 17. Ng3 Qf6 18. Qg4 g5 19. Bd2 d5 20. Qf5+ Qxf5 21. Nxf5 dxc4 22. Re7 Rac8 23. Nxg7 c3 24. bxc3 dxc3 25. Be1 1/2-1/2